000 00768cam a22001814a 4500
005 20250605163430.0
008 250528s ||||||||||||||||||||||||d
035 _a19085
040 _aGR-AtMCL
_bgre
_dGR-AtMCL
_eAACR2
245 1 _aΑσκήσεις (Λυμεναί) Γεωδαισίας Θεωρία (Σφαλμάτων, κ.λ.π.) / Τα Βασικά προβλήματα - Σφάλματα και Βάρη - Ασκήσεις επί των Σφαλμάτων - Βαρών - Οργάνων - Χαράξεων κ.λ.π.
260 _bΑθήνα,
_c1966
300 _a86
520 _aΠρός χρήσιν των Σπουδαστών των Πολυτεχνείων.
700 1 _aΞυνης Σοφοκλης
942 _cBK
999 _c4366
_d4366